000 03680pam a22003371i 4500
999 _c29284
_d29284
003 CUTN
005 20190809114400.0
008 151216s2016 dcu o 000|0|eng|d
020 _a9781119067689 (ePub ebook) :
020 _a9781119067788
041 _aEnglish
082 0 4 _a174.955
_223
_bGUN
100 1 0 _aGundersen, Linda C.
245 1 0 _aScientific integrity and ethics in the geosciences :
_cLinda C. Gundersen.
250 _a1st
300 _a1 online resource.
500 _aAcademic
505 0 _aTable of Contents Contributors Preface Acknowledgements Section Chapter 1.  The Origin, Objectives and Evolution of the World Conferences on Research Integrity; Nicholas H. Steneck, Tony Mayer, Melissa S. Anderson, Sabine Kleinert Chapter 2.  Fostering Integrity in Research: Overview of the National Academies of Sciences, Engineering, and Medicine Report; Thomas Arrison and Robert Nerem Chapter 3.  Scientific Integrity – Recent Department of Interior Policies, Codes, and their Implementation; Alan Thornhill and Rick Coleman SectionChapter 4. The American Geosciences Institute Guidelines for Ethical Professional Conduct; Maeve A. Boland and David W. Mogk Chapter 5.
_t I.   Examples of Recently Developed International and National Codes and Policies
_t II.   The Role of Geoscience Professional Societies in Scientific Integrity and Ethics
_tIII. Scientific Integrity and Ethics in Publications and Data
_tIV. Ethical Values and Geoethics
505 0 _aAmerican Geophysical Union Adopts and Implements A New Scientific Integrity and Professional Ethics Policy; Michael McPhaden Chapter 6. The National Association of State Boards of Geology (ASBOG®) Involvement in Geoscience Professional Ethics; John Williams Chapter 7. Brief History and Application of Enforceable Professional Geoscience Ethics Codes; David M. Abbott, Jr. Section III.   Scientific Integrity and Ethics in Publications and Data Chapter 8. The New Landscape of Ethics and Integrity in Scholarly Publishing, Brooks Hanson Chapter 9. Scientific Integrity and Ethical Considerations for the Research Data Life Cycle; Linda C. Gundersen Section IV.   Ethical Values and Geoethics Chapter 10. Understanding Coupled Ethical-Epistemic Issues Relevant to Climate Modeling and Decision Support Science; Nancy Tuana Chapter 11. The Emerging Field of Geoethics; Peter Bobrowsky, Vincent S.
505 0 _aCronin, Giuseppe Di Capua, Susan W. Kieffer, Silvia Peppoloni Section V.   Scientific Integrity, Ethics, and Geoethics in Education Chapter 12. Experiential Ethics Education Vance S. Martin and Donna C. Tonini Chapter 13. Teaching Geoethics Across the Geoscience Curriculum: Why, When, What, How, and Where? ; David W. Mogk, John W. Geissman, and Monica Z. Bruckner Chapter 14. Facilitating a Geoscience Student's Ethical Development; Vincent S. Cronin Appendix A. Case Studies for Science Integrity and Geoethics Practice Appendix B.  Resources and References for Scientific Integrity, Ethics, and Geoethics  
650 0 _aEarth sciences
700 1 _aGundersen, Linda C.,
942 _2ddc
_cBOOKS
100 1 0 _eauthor.
490 0 _aSpecial Publications
_v73
506 1 _aLegal Deposit;
_cOnly available on premises controlled by the deposit library and to one user at any one time;
_eThe Legal Deposit Libraries (Non-Print Works) Regulations (UK).
_5UkOxU
540 _aRestricted: Printing from this resource is governed by The Legal Deposit Libraries (Non-Print Works) Regulations (UK) and UK copyright law currently in force.
_5UkOxU
650 0 _xResearch
_xMoral and ethical aspects.
700 1 _eeditor